000 00566nam a2200181Ia 4500
999 _c14909
_d14909
003 OSt
005 20201028105951.0
008 190216s9999||||xx |||||||||||||| ||und||
020 _a019940620
040 _coclc
082 _a894.827080
_bPUR/T
100 _aPurushotham, K
_96114
245 4 _aThe Oxford India Anthology Of Telgu Writing /
_cK Purushotham ; Gita Ramaswamy
260 _bOxford University Press,
_c2016.
_aNew delhi:
300 _a348p
650 _aTelugu Writing
942 _cBK
_2ddc
_h894.827080
_iPUR/T
_k894.827080
_mPUR/T